Károly Divald and His Sons : From Prešov to Budapest /
Salvato in:
| Autori principali: | , |
|---|---|
| Ente Autore: | |
| Natura: | Atti del Convegno Libro |
| Lingua: | inglese |
| Pubblicazione: |
Bratislava :
Slovenská národná galéria,
2024
|
| Edizione: | 1. vydanie |
| Soggetti: | |
| Tags: |
Nessun Tag, puoi essere il primo ad aggiungerne!!
|
MARC
| LEADER | 00000nam a22000003a 4500 | ||
|---|---|---|---|
| 001 | 0117020 | ||
| 003 | SK-STU | ||
| 005 | 20250912132338.9 | ||
| 007 | ta | ||
| 008 | 250912s ----xo-----e------000-0-----d | ||
| 020 | |a 978-80-8059-282-0 | ||
| 040 | |a STU |b slo | ||
| 041 | 0 | |a eng | |
| 044 | |a xo | ||
| 100 | 1 | |a Almášiová, Lucia |4 aut | |
| 245 | 1 | 0 | |a Károly Divald and His Sons : |b From Prešov to Budapest / |c aut. Lucia Almášiová, Alexandra Kusá |
| 250 | |a 1. vydanie | ||
| 260 | |a Bratislava : |b Slovenská národná galéria, |c 2024 | ||
| 300 | |a 176 s. | ||
| 650 | 0 | 7 | |a fotografi |
| 650 | 0 | 7 | |a umelecká fotografia |
| 650 | 0 | 7 | |a Uhorsko |
| 650 | 0 | 7 | |a Slovensko |
| 650 | 0 | 7 | |a Vysoké Tatry |
| 650 | 0 | 7 | |a človek a príroda |
| 650 | 0 | 7 | |a život a dielo |
| 700 | 1 | |a Kusá, Alexandra |4 aut | |
| 711 | 2 | |a Károly Divald and his Sons |d 28.6. - 6.10.2024, |c Slovenská národná galéria, Bratislava |e From Prešov to Budapest | |
| 996 | |b 284AU10452 |c A* 13621/U |l AAKNAR |s A |a 24 |w 0117020_0001 | ||